| 000 | 00453nam a22001817a 4500 | ||
|---|---|---|---|
| 003 | MPLRDC | ||
| 005 | 20220104123930.0 | ||
| 008 | 210129b ||||| |||| 00| 0 eng d | ||
| 020 | _a957-9279-38-1 | ||
| 082 | _a848.2 LY-10 | ||
| 100 | _a刘墉、刘轩合著 | ||
| 245 |
_a创造双赢的沟通 _c |
||
| 250 | _a初版 | ||
| 260 |
_a _b水云斋文化事业有限公 _c1997 |
||
| 300 | _b平 | ||
| 650 | _a现代别集 | ||
| 942 |
_cBK _o848.2 LY-10 |
||
| 999 |
_c15323 _d15313 |
||